Music Quiz

Random Music or Rock Quiz
Score 0/20 Timer 03:00
4 Plays Today
% Correct
About
91.9%
Over
90.9%
Like
89.9%
Against
88.5%
Around
87.5%
Behind
85.7%
Than
84.8%
Through
79.9%
In
79.8%
After
76.9%
% Correct
Of
72.3%
For
71.8%
At
70.3%
Out
69%
On
64.9%
With
60.9%
Into
56.7%
From
52.3%
To
47.3%
By
39.3%
Remove Ads.
Support Sporcle.
Get the best of Sporcle when you Go Orange. This ad-free experience offers more features, more stats, and more fun while also helping to support Sporcle. Thank you for becoming a member.

You're not logged in!

Compare scores with friends on all Sporcle quizzes.
OR
Log In

Sporcle TV

Today on Sporcle TV


Watch our educational content, quiz creation guides, and fun videos on Sporcle TV.

Show Comments

Extras

Top Quizzes Today


Score Distribution

Paid Content

Your Account Isn't Verified!

In order to create a playlist on Sporcle, you need to verify the email address you used during registration. Go to your Sporcle Settings to finish the process.

Report this User

Report this user for behavior that violates our Community Guidelines.

Details: